01117 2200217 4500001002100000005001500021035002000036001002100056005001500077035002000092245009600112100001600208300002900224260004400253082001000297084001600307020002200323650001000345520052700355250001700882INLIS00000000000098520250323045841 a0010-0325000081INLIS00000000000010720240506030249 a0010-05240000291 aWhy? Useful and Harmful Insect :bSerangga bermanfaat dan Serangga Berbahaya /cAN, Youngju0 aAN, Youngju a160 hlm :bilus ;c24 cm aJakarta :bElex Media Komputindo,c2020 a595.7 a595.7 AN, w a978-623-000-973-0 4aSains aPernahkah kalian mengikuti kupu-kupu yang terbang? Atau menghindari lebah yang berdengung dan mendekat? Kupu-kupu dan lebah adalah serangga yang bermanfaat bagi manusia. Mereka memindahkan serbuk sari dan membantu penyerbukan tanaman. Akan tetapi, di dunia ini tidak hanya ada serangga yang bermanfaat. Ada nyamuk yang menggigit di musim panas dan lalat yang membawa bakteri jahat. Mereka termasuk serangga yang berbahaya. Ayo masuk ke sebuah kisah di mana serangga bermanfaat dan serangga berbahaya hidup dengan harmonis. acetakan ke-1